How Many Sporclers to Screw in a Lightbulb? Quiz Stats

 Plays Quiz Updated Jun 4, 2013

Challenge
Share
Tweet
Embed
Score 0/30 Timer 08:00
2 Plays Today
% Correct
optimists
84.9%
armies
81.9%
gardeners
81.7%
country & western singers
81.6%
pessimists
81.2%
statisticians
81%
lawyers
79.1%
stock brokers
78.8%
science fiction writers
78.6%
drummers
74.3%
footballers
72.2%
auto mechanics
65.4%
bassists
64.7%
paranoids
63.8%
archaeologists
62.9%
% Correct
Freudians
60.4%
Impossible Missions Force members
59.5%
divorcees
57.1%
surrealists
56.5%
art historians
56.5%
censors
55.9%
tech support personnel
53.2%
poets
47.1%
movie directors
43.5%
feminists
36%
hipsters
33.9%
Borg
32%
cover blurb writers
27.7%
copy editors
22.1%
art directors
14.9%

You're not logged in!

Compare scores with friends on all Sporcle quizzes.
OR
Log In

You Might Also Like...

Show Comments

Extras

Top Quizzes Today


Score Distribution

Your Account Isn't Verified!

In order to create a playlist on Sporcle, you need to verify the email address you used during registration. Go to your Sporcle Settings to finish the process.

Report this User

Report this user for behavior that violates our Community Guidelines.

Details: